000 00598nam a2200181Ia 4500
003 GCL
008 140319s9999 xx 000 0 ara d
040 _aGCL /
_cGCL
082 0 4 _a810.92
_bو ن
100 1 _aوفاء على سليم
245 1 0 _aالنثر الفنى بين العصر الجاهلى وصدر الاسلام: دراسة فنية تحليلة /
_cوفاء على سليم
300 _a145 ص
490 _a
650 0 4 _aالنثر العربى
650 0 4 _aالنثر - تاريخ ونقد
650 0 4 _aالنثر العربى - صدر الاسلام
942 _2ddc
_cBK
999 _c38616
_d38616